000 00877cam a2200217 4500
001 WB3804-22
008 020131n2002 000 0 eng u
035 _a(Sirsi) u116579
245 _aRDAs told to coordinate excellence
260 _c2002
490 _aUrban Environment Today
_v(139) 24 January 2002, 1(1)
520 _aGovernment is urging all RDAs to have a single centre of excellence which promotes best practice in planning, urban design and neighbourhood renewal. The idea for centres for excellence was first proposed by the Urban Task Force - the Urban White Paper initially suggested four across England but this number has since grown to twelve.
590 _aWB
650 _aURBAN WHITE PAPER
650 _aURBAN TASK FORCE
650 _aRDAS
650 _aCENTRES OF EXCELLENCE
650 _aURBAN RENEWAL
690 _aREGENERATION
942 _n0
999 _c69421
_d69421